000 00697cam a22001815a 4500
001 ##J100652
008 000000s1883 000 0 eng u
035 _a(Sirsi) u100652
041 0 _aeng
050 0 4 _a333.07442 $2 2
110 2 _aSurveyors' Institution
_93783
245 0 0 _aLibrary catalogue, corrected to October 1883, with an appendix
260 _aLondon
_bSurveyors' Institution
_c1883
300 _a212p.
_c21cm.
520 _aAppendix comprises of a classified list of the rock specimens in the geological collection; and of a list of works added to the library since the compliation of the catalogue.
690 _aRICS SERVICES-RICS LIBRARY AND INFORMATION SERVICES
942 _n0
999 _c99738
_d99738